| 000 | 00670nam a22002177a 4500 | ||
|---|---|---|---|
| 003 | SISC | ||
| 005 | 20160224140620.0 | ||
| 008 | 130919t xxu||||| |||| 00| 0 eng d | ||
| 020 | _a9789810696412 | ||
| 050 |
_aQH 308.2 _b.M647 2010 |
||
| 082 |
_aQH 308.2 _bM647 2010 |
||
| 100 |
_aMiller, Kenneth R. _920900 |
||
| 245 |
_aBiology / _cKenneth R. Miller. |
||
| 260 |
_aBoston, MA : _bPearson, _cc2010. |
||
| 300 |
_a1034 p. : _bill. ; _c25 cm. |
||
| 500 | _a Includes glossary and index. | ||
| 650 |
_aBiology _xStudy and teaching (Secondary). _920901 |
||
| 650 |
_aLife sciences _xStudy and teaching (Secondary). _920902 |
||
| 942 |
_2lcc _cBK |
||
| 999 |
_c11679 _d11679 |
||